000240643 001__ 240643
000240643 005__ 20210922173124.0
000240643 0247_ $$2BMBF$$aG:(BMBF)PLI2033$$dPLI2033
000240643 0247_ $$2Dimensions$$aG:(Dimensions)grant.8093312$$dgrant.8093312
000240643 035__ $$aG:(BMBF)PLI2033
000240643 150__ $$aPresseservice Alpha-Galileo$$y2003-04-01 - 2004-03-31
000240643 5101_ $$0I:(DE-588b)5309538-8 $$aFederal Ministry of Education and Research$$bBMBF
000240643 909CO $$ooai:juser.fz-juelich.de:896498$$pauthority$$pauthority:GRANT
000240643 909CO $$ooai:juser.fz-juelich.de:896498
000240643 980__ $$aG
000240643 980__ $$aAUTHORITY